| 000 | 00866nam a2200253 a 4500 | ||
|---|---|---|---|
| 001 | 000020035 | ||
| 005 | 20200929170235.0 | ||
| 008 | 100713s1966 sp 001 e spa d | ||
| 040 |
_aDO-SdBNP _bspa _cBNPHU |
||
| 082 |
_a864.4 _bJ869e |
||
| 100 | 1 |
_aJovellanos, Gaspar de, _d1744-1811 _921290 |
|
| 245 | 1 | 0 |
_aEspectáculos y diversiones públicas / _cGaspar Melchor de Jovellanos. |
| 260 |
_aMadrid : _bEspasa-Calpe, _c1966. |
||
| 300 |
_a144 p. ; _c18 cm. |
||
| 490 | 1 |
_aAustral. Verde: ensayos y filosofía _v1367 |
|
| 500 | _aIncluye índice de autores. | ||
| 500 | _aIncluye referencias bibliográficas y notas al pie de las páginas. | ||
| 650 | 4 |
_aEnsayos españoles _93095 |
|
| 650 | 4 |
_aLiteratura española _9632 |
|
| 740 | 3 | _aEl castillo de Bellver | |
| 830 | 0 |
_aAustral. _pVerde: Ensayos y filosofía ; _v1367 _98733 |
|
| 910 | _aWM | ||
| 049 | _aBNGR | ||
| 999 |
_c19547 _d19547 |
||